| 000 | 01068nas a2200373 4500 | ||
|---|---|---|---|
| 001 | BR2010005776 | ||
| 003 | BR-BrBNA | ||
| 005 | 20231205114752.0 | ||
| 007 | ta | ||
| 008 | 230509b bl.|||p| |||| 00| 00por d | ||
| 040 |
_aBR-BrBNA _bpor _cBiblioteca Nacional de Agricultura |
||
| 041 | _a(Pt) | ||
| 072 | _aL70 | ||
| 100 | 1 | _aAtaide, M.W. de | |
| 100 | 1 | _aBrun, M.V. | |
| 100 | 1 | _aBarcellos, L.J.G. | |
| 100 | 1 | _aBortoluzzi, M. | |
| 100 | 1 | _aFeranti, J.P.S. | |
| 100 | 1 | _aSantos, F.R. dos | |
| 100 | 1 | _aTomazzoni, F. | |
| 100 | 1 | _aBrambatti, G. | |
| 100 | 1 | _aZílio, P.P. | |
| 100 | 1 | _aOro, G. | |
| 100 | 1 | _aSartori, L.W. | |
| 100 | 1 | _aMonteiro, A.R. | |
| 100 | 1 | _aZanella, R. | |
| 245 | 1 | _aOvariosalpingohisterectomia vídeo-assistida ou convencional em cadelas com o uso de ligasure atlas | |
| 650 | _aCÃO | ||
| 650 | _aVETERINÁRIA | ||
| 650 | _aCIRURGIA | ||
| 773 | 0 |
_tCiência Rural (Brazil) _xISSN 0103-8478 _g(Sep 2010), v. 40(9) p. 1974-1979 _wBR2010005776 |
|
| 909 |
_a202311 _bLúcia _c55 _dLúcia Elande |
||
| 942 |
_2AGRIS _n0 _cANA |
||
| 999 |
_c210390 _d210390 |
||